• 首页
  • 本馆介绍
  • 公告通知
  • 最新文献
  • 馆藏检索
  • 电子资源
  • 读者导购
  • 参考咨询
  • 我的图书馆
  • 登录
  • 详细信息显示
  • 放入我的书架
  • 预约/预借图书
  • 作者相关作品
  • 分类相关作品
  • 丛书相关作品
  • 出版社相关作品

书目信息

  • 表格格式
  • 工作单格式
  • 卡片格式
题名:
经济微生物工艺学教程
    
 
作者: 林海萍 , 张立钦 主编
分册:  
出版信息: 北京   中国环境科学出版社  2005
页数: 295页
开本: 23cm
丛书名: 高等院校资源与环境系列教材
单 册:
中图分类: TQ-43
科图分类:
主题词: 微生物--生物制品--生产工艺--高等学校--教材 , 化学工业
电子资源:
ISBN: 7-80209-209-4
000 01168nam0 2200325 450
000 01131nam0 2200313 450
000 01184nam0 2200337 450
001 TS2006044204
005 20061201152710.67
010    @a7-80209-209-4@dCNY23.00
100    @a20060829d2005 em y0chiy0110 ea
101 0  @achi
102    @aCN@b110000
105    @aak a 000yy
200 1  @a经济微生物工艺学教程@AJing Ji Wei Sheng Wu Gong Yi Xue Jiao Cheng@f林海萍, 张立钦主编@FLin Hai Ping , Zhang Li Qin Zhu Bian
210    @a北京@c中国环境科学出版社@d2005
215    @a295页@c图, 表格@d23cm
225 2  @a高等院校资源与环境系列教材
320    @a有书目
330    @a本书包括绪论;食品微生物制品;工业微生物制品;医药微生物制品;保健微生物制品;农业微生物制品等。
410  0 @12001 @a高等院校资源与环境系列教材
606 0  @a微生物@x生物制品@x生产工艺@x高等学校@x教材
606 0  @a化学工业
690    @aTQ-43@v3
701  0 @a林海萍@ALin Hai Ping@4主编
701  0 @a张立钦@AZhang Li Qin@4主编
801  0 @aCN@b中图数据@c20061201
905    @a10447@dTQ-43@e29
    
    经济微生物工艺学教程/林海萍, 张立钦主编.-北京:中国环境科学出版社,2005
    295页:图, 表格;23cm.-(高等院校资源与环境系列教材)
    
    
    ISBN 7-80209-209-4:CNY23.00
    本书包括绪论;食品微生物制品;工业微生物制品;医药微生物制品;保健微生物制品;农业微生物制品等。
●
相关链接 在E读中查询图书 在五车中查询图书 在当当中查询图书 在豆瓣中查询图书


正题名:经济微生物工艺学教程     索取号:TQ-43/29         预约/预借

序号 登录号 条形码 馆藏地/架位号 状态 备注
1 0611201   206112017   第二样本阅览室/ [索取号:TQ-43/29] 在馆    
2 0611202   206112026   第三借阅区/ [索取号:TQ-43/29] 在馆    
3 0611203   206112035   第三借阅区/ [索取号:TQ-43/29] 在馆    
4 0611204   206112044   第三借阅区/ [索取号:TQ-43/29] 在馆    
5 0611205   206112053   第三借阅区/ [索取号:TQ-43/29] 在馆    
6 0611206   206112062   第三借阅区/ [索取号:TQ-43/29] 在馆    
7 0611207   206112071   第三借阅区/ [索取号:TQ-43/29] 在馆    
8 0611208   206112080   第三借阅区/ [索取号:TQ-43/29] 在馆    
唐山师范学院图书馆 欢迎您!
大连网信软件有限公司© 版权所有